College Quizbowl Stats
College Quizbowl Stats
Circuits
Seasons
Sets
Records
Detailed Stats
About
Loading...
2024 ACF Fall at Georgia
Tossups
Bonuses
Players
Teams
Categories (Tossup)
Categories (Bonus)
Joanna Xiao
Georgia Tech D
Categories
Category
Powers
Gets
Negs
BBs
Points
Earliest Buzz
Avg. Buzz
First Buzzes
Top 3 Buzzes
BPA
PVF
Science - Other
0
2
0
0
20
52
54.00
0
1
0.00
0.00
Literature - American
0
1
0
0
10
92
92.00
0
0
0.00
0.00
Science - Chemistry
0
1
0
0
10
71
71.00
0
0
0.00
0.00
Science - Physics
0
1
1
1
5
111
111.00
0
0
0.00
0.00
Buzzes
Category
Answer
Value
Buzz Position
Science - Other
oxygen
10
52
Science - Other
earthquakes
10
56
Science - Chemistry
Svante Arrhenius
10
71
Science - Physics
viscosity
-5
72
Literature - American
Zora Neale Hurston
10
92
Science - Physics
index of refraction
10
111
Previous
1
Next